[Event "Europe Echecs online op April"]
[Site "Europe Echecs INT"]
[Date "2020.04.11"]
[Round "5"]
[White "Caure, Denis"]
[Black "Cognet, R."]
[Result "0-1"]
[WhiteElo "1620"]
[BlackElo "1500"]
[PlyCount "52"]
[EventDate "2020.04.11"]
[EventType "swiss (blitz)"]
[EventRounds "11"]
[EventCountry "FRA"]
[SourceTitle "EXT 2021"]
[Source "ChessBase"]
[SourceDate "2020.10.23"]
[SourceVersion "1"]
[SourceVersionDate "2020.10.23"]
[SourceQuality "1"]

1. e4 c6 2. d4 d5 3. e5 Bf5 4. f4 Nd7 5. Nf3 e6 6. Bd3 Bxd3 7. Qxd3 c5 8. c3 c4 9. Qe2 Nh6 10. 0-0 Be7 11. Ng5 Nf5 12. Qf2 f6 13. exf6 Nxf6 14. Nxe6 Qd7 15. Re1 Ne4 16. Qe2 Qxe6 17. Nd2 0-0-0 18. Nxe4 dxe4 19. g3 Qg6 20. Qxe4 Rhe8 21. Qf3 Kb8 22. Re5 Bf6 23. Rc5 Qf7 24. Rb5 Ka8 25. Bd2 a6 26. Rb6 Qc7 0-1

[Event "Europe Echecs online op April"]
[Site "Europe Echecs INT"]
[Date "2020.04.11"]
[Round "11"]
[White "Caure, Denis"]
[Black "Loubieres, Francois"]
[Result "0-1"]
[WhiteElo "1620"]
[BlackElo "1703"]
[PlyCount "62"]
[EventDate "2020.04.11"]
[EventType "swiss (blitz)"]
[EventRounds "11"]
[EventCountry "FRA"]
[SourceTitle "EXT 2021"]
[Source "ChessBase"]
[SourceDate "2020.10.23"]
[SourceVersion "1"]
[SourceVersionDate "2020.10.23"]
[SourceQuality "1"]

1. b4 d6 2. Bb2 e5 3. d3 Nd7 4. Nf3 Be7 5. g3 Ngf6 6. Bg2 c6 7. 0-0 0-0 8. Nbd2 Nd5 9. a3 f5 10. c4 N5b6 11. b5 cxb5 12. cxb5 Bf6 13. Nc4 d5 14. Nd6 Qe7 15. Nxc8 Raxc8 16. Qb3 Nc5 17. Qb4 d4 18. Rac1 Nd5 19. Qc4 Qd7 20. Qa2 Kh8 21. Rc2 Na4 22. Rxc8 Rxc8 23. Rc1 Ndc3 24. Bxc3 Nxc3 25. Qb2 Nxe2+ 26. Qxe2 Rxc1+ 27. Ne1 Qxb5 28. Bf3 Qb1 29. Kf1 h6 30. Qa2 Rxe1+ 31. Kg2 Qxa2 0-1